00832 2200301 4500001002100000005001500021035002000036008004100056245007900097100001900176260004100195300001300236020002200249084001600271082000800287650001600295990001800311990002000329990002000349990002000369990002000389990002000409990002000429990002000449990002000469990002000489990002100509INLIS00000000000039620240813102039 a0010-0724000396240813 0 ind 1 aRahasiaku Ensiklopediku Inilah Dunia Tumbuhan dan Hewan! /cTim Armandelta aTim Armandelta aJakarta :bArmandelta Selaras,c2008 a195 hlm. a978-979-26-7179-7 a031 TIM r.3 a031 4aEnsiklopedi aP29/CP/24/396 aP29/CP/24/396.1 aP29/CP/24/396.2 aP29/CP/24/396.3 aP29/CP/24/396.4 aP29/CP/24/396.5 aP29/CP/24/396.6 aP29/CP/24/396.7 aP29/CP/24/396.8 aP29/CP/24/396.9 aP29/CP/24/396.10